[Event "Sao Jose dos Campos op 3rd"]
[Site "Sao Jose dos Campos"]
[Date "2021.08.22"]
[Round "4"]
[White "Pironti, Francisco Ferrari"]
[Black "De Oliveira, John Richard Aparec"]
[Result "1-0"]
[WhiteElo "1800"]
[BlackElo "1450"]
[PlyCount "35"]
[EventDate "2021.08.21"]
[EventType "swiss"]
[EventRounds "5"]
[EventCountry "BRA"]
[SourceTitle "CBM 204 Extra"]
[Source "ChessBase"]
[SourceDate "2021.11.30"]
[SourceVersion "1"]
[SourceVersionDate "2021.11.30"]
[SourceQuality "1"]

1. e4 e6 2. d3 d5 3. Nd2 dxe4 4. dxe4 e5 5. Ngf3 Bc5 6. Bc4 Nf6 7. 0-0 Nc6 8. c3 0-0 9. Qe2 Bg4 10. Re1 Qe7 11. Nf1 h6 12. h3 Bh5 13. Ng3 Rad8 14. Be3 Bg6 15. Nh4 Kh7 16. Nhf5 Bxf5 17. Nxf5 Qe8 18. Bxc5 1-0

[Event "Sao Jose dos Campos IRT op"]
[Site "Sao Jose dos Campos"]
[Date "2020.12.19"]
[Round "3"]
[White "Katsuyama, Eric Shih"]
[Black "De Oliveira, John Richard Aparec"]
[Result "0-1"]
[WhiteElo "1548"]
[BlackElo "1456"]
[PlyCount "24"]
[EventDate "2020.12.18"]
[EventType "swiss"]
[EventRounds "5"]
[EventCountry "BRA"]
[SourceTitle "EXT 2022"]
[Source "ChessBase"]
[SourceDate "2021.10.06"]
[SourceVersion "1"]
[SourceVersionDate "2021.10.06"]
[SourceQuality "1"]

1. e4 e6 2. d4 d5 3. Nc3 dxe4 4. Nxe4 Nd7 5. Nf3 Ngf6 6. Bg5 Be7 7. Bd3 Nxe4 8. Bxe7 Qxe7 9. Bxe4 Qb4+ 10. c3 Qxb2 11. Rb1 Qxc3+ 12. Kf1 c6 0-1

[Event "Sao Jose dos Campos IRT op"]
[Site "Sao Jose dos Campos"]
[Date "2020.12.18"]
[Round "1"]
[White "Haraguchi, Diego Sashaki"]
[Black "De Oliveira, John Richard Aparec"]
[Result "1-0"]
[WhiteElo "1941"]
[BlackElo "1456"]
[PlyCount "67"]
[EventDate "2020.12.18"]
[EventType "swiss"]
[EventRounds "5"]
[EventCountry "BRA"]
[SourceTitle "EXT 2022"]
[Source "ChessBase"]
[SourceDate "2021.10.06"]
[SourceVersion "1"]
[SourceVersionDate "2021.10.06"]
[SourceQuality "1"]

1. d4 Nf6 2. c4 e5 3. e3 exd4 4. exd4 Bb4+ 5. Bd2 Qe7+ 6. Be2 0-0 7. Bxb4 Qxb4+ 8. Qd2 Qe7 9. Nc3 d6 10. Nf3 Bf5 11. 0-0 Nc6 12. Rfe1 Qd7 13. d5 Nb4 14. Nd4 Bg6 15. a3 Na6 16. b4 Rae8 17. Ndb5 c6 18. dxc6 bxc6 19. Nxd6 Re6 20. c5 Nc7 21. Bc4 Rxe1+ 22. Qxe1 Qg4 23. Qe3 Nce8 24. Be2 Qd7 25. Rd1 Nxd6 26. Rxd6 Qc7 27. g3 Re8 28. Qd2 Be4 29. Qf4 Qe7 30. Bf3 Bxf3 31. Qxf3 Qe1+ 32. Kg2 Qc1 33. Qxc6 Qxc3 34. Rxf6 1-0

[Event "Jacarei op 2nd"]
[Site "Jacarei"]
[Date "2019.07.28"]
[Round "5"]
[White "Hernandez, Monica Maigut"]
[Black "De Oliveira, John Richard Aparec"]
[Result "0-1"]
[WhiteElo "1156"]
[BlackElo "1453"]
[PlyCount "64"]
[EventDate "2019.07.26"]
[EventType "swiss"]
[EventRounds "6"]
[EventCountry "BRA"]
[SourceTitle "CBM 191 Extra"]
[Source "ChessBase"]
[SourceDate "2019.09.30"]
[SourceVersion "1"]
[SourceVersionDate "2019.09.30"]
[SourceQuality "1"]

1. c4 e5 2. Nc3 Nc6 3. d3 Bc5 4. Nf3 h6 5. g3 d6 6. Bg2 f5 7. 0-0 Nf6 8. a3 0-0 9. b4 Bb6 10. b5 Nd4 11. e3 Nxf3+ 12. Bxf3 g5 13. Nd5 Kg7 14. a4 a5 15. bxa6 Rxa6 16. Bd2 c6 17. Nxb6 Qxb6 18. a5 Qc7 19. Qc2 Kg6 20. Rfb1 Nh5 21. c5 d5 22. Rb6 f4 23. d4+ e4 24. Bxh5+ Kxh5 25. exf4 gxf4 26. Bxf4 Rxf4 27. gxf4 Qg7+ 28. Kh1 Qxd4 29. Qe2+ Bg4 30. Qe1 Bf3+ 31. Kg1 Qg7+ 32. Kf1 Qg2# 0-1

[Event "BRA-ch Amateur U1600"]
[Site "Sao Paulo"]
[Date "2019.06.22"]
[Round "5"]
[White "De Oliveira, John Richard Aparec"]
[Black "Carneiro, Breno B De Siqueira"]
[Result "0-1"]
[WhiteElo "1487"]
[BlackElo "1580"]
[PlyCount "26"]
[EventDate "2019.06.20"]
[EventType "swiss"]
[EventRounds "7"]
[EventCountry "BRA"]
[SourceTitle "CBM 195 Extra"]
[Source "ChessBase"]
[SourceDate "2020.05.31"]
[SourceVersion "1"]
[SourceVersionDate "2020.05.31"]
[SourceQuality "1"]

1. c4 c5 2. Nc3 Nc6 3. Nf3 e5 4. e3 d6 5. Be2 f5 6. d3 Nf6 7. a3 b6 8. Qa4 Bd7 9. Qc2 g6 10. Rb1 Bg7 11. b4 0-0 12. b5 Ne7 13. Bb2 Qc7 0-1

[Event "Florianopolis op 5th"]
[Site "Florianopolis"]
[Date "2019.01.22"]
[Round "2"]
[White "Cardoso, Andre Felipe de Lim"]
[Black "De Oliveira, John Richard Aparec"]
[Result "1-0"]
[WhiteElo "1948"]
[BlackElo "1515"]
[PlyCount "85"]
[EventDate "2019.01.21"]
[EventType "swiss"]
[EventRounds "10"]
[EventCountry "BRA"]
[SourceTitle "CBM 188 Extra"]
[Source "ChessBase"]
[SourceDate "2019.02.26"]
[SourceVersion "1"]
[SourceVersionDate "2019.02.26"]
[SourceQuality "1"]

1. e4 e6 2. d4 d5 3. Nc3 dxe4 4. Nxe4 Nd7 5. Nf3 Ngf6 6. Nxf6+ Nxf6 7. Bd3 Be7 8. 0-0 b6 9. Qe2 Bb7 10. Rd1 0-0 11. Bf4 Qc8 12. c4 c5 13. d5 Nh5 14. Bg5 f6 15. Bd2 Bd6 16. Ng5 g6 17. Nxh7 Bxh2+ 18. Kf1 f5 19. Nxf8 Kxf8 20. Qxe6 Qxe6 21. dxe6 Bf4 22. g3 Bxd2 23. Rxd2 Ke7 24. Re1 Ng7 25. Bxf5 gxf5 26. Rd7+ Kf6 27. Rf7+ Kg6 28. Rxb7 Kf6 29. e7 Ne6 30. Rd7 Rh8 31. Kg2 Re8 32. Rxa7 Rxe7 33. Rxe7 Kxe7 34. Kf3 Kf6 35. Rxe6+ Kxe6 36. Kf4 Kf6 37. f3 Ke6 38. g4 fxg4 39. fxg4 Kf6 40. g5+ Ke6 41. Ke4 Kd6 42. g6 Ke6 43. g7 1-0

[Event "Florianopolis op 5th"]
[Site "Florianopolis"]
[Date "2019.01.22"]
[Round "3"]
[White "Schroeder, Matheus"]
[Black "De Oliveira, John Richard Aparec"]
[Result "0-1"]
[WhiteElo "1003"]
[BlackElo "1515"]
[PlyCount "68"]
[EventDate "2019.01.21"]
[EventType "swiss"]
[EventRounds "10"]
[EventCountry "BRA"]
[SourceTitle "CBM 188 Extra"]
[Source "ChessBase"]
[SourceDate "2019.02.26"]
[SourceVersion "1"]
[SourceVersionDate "2019.02.26"]
[SourceQuality "1"]

1. e4 e6 2. d4 d5 3. Nc3 dxe4 4. Nxe4 Nd7 5. Nf3 Ngf6 6. Bg5 Be7 7. Bd3 Nxe4 8. Bxe4 Bxg5 9. Nxg5 Qxg5 10. 0-0 0-0 11. Rc1 Rd8 12. Qf3 c6 13. c4 Nf6 14. Rcd1 e5 15. d5 Bg4 16. Qb3 Bxd1 17. Rxd1 Nxe4 18. Qxb7 cxd5 19. cxd5 Qf6 20. h3 Qxf2+ 21. Kh2 Rab8 22. Qc7 Qb6 23. Qxe5 Qd6 24. Qxd6 Rxd6 25. b3 Rbd8 26. Re1 Nf6 27. Re7 R6d7 28. Rxd7 Rxd7 29. g4 Rxd5 30. Kg3 g5 31. b4 Kf8 32. a3 Ke7 33. a4 Rd4 34. b5 Rxa4 0-1

[Event "Jacarei op 1st"]
[Site "Jacarei"]
[Date "2018.09.15"]
[Round "3"]
[White "De Oliveira, John Richard Aparec"]
[Black "Deus Filho, Joaquim"]
[Result "0-1"]
[WhiteElo "1537"]
[BlackElo "1912"]
[PlyCount "196"]
[EventDate "2018.09.15"]
[EventType "swiss"]
[EventRounds "5"]
[EventCountry "BRA"]
[SourceTitle "CBM 186 Extra"]
[Source "ChessBase"]
[SourceDate "2018.08.24"]
[SourceVersion "1"]
[SourceVersionDate "2018.08.24"]
[SourceQuality "1"]

1. c4 c5 2. Nf3 Nc6 3. d4 d6 4. dxc5 Qa5+ 5. Nc3 Qxc5 6. b3 e6 7. e4 Nf6 8. Be3 Qa5 9. Bd2 Qc7 10. Bf4 a6 11. g3 Be7 12. Bg2 0-0 13. 0-0 Rd8 14. Rc1 Qa5 15. Bg5 h6 16. Bxf6 Bxf6 17. Qc2 Nb4 18. Qd2 Rb8 19. Nd4 Nxa2 20. Qxa2 Qxa2 21. Nxa2 Bxd4 22. Rfd1 Bf6 23. Rd3 Kf8 24. Rcd1 Ke8 25. Rxd6 Rxd6 26. Rxd6 Be5 27. Rd3 Bc7 28. Nc3 Bd7 29. f4 Bb6+ 30. Kf1 Ba5 31. e5 Bxc3 32. Rxc3 Bc6 33. Rd3 Rc8 34. Rd6 Bxg2+ 35. Kxg2 Ke7 36. Rb6 Rc7 37. Kf3 Rd7 38. Ke3 Kd8 39. c5 Kc7 40. Rd6 Re7 41. b4 Re8 42. Kd4 g5 43. f5 Re7 44. f6 Re8 45. h3 Rg8 46. Kc4 Ra8 47. c6 b6 48. Rd7+ Kxc6 49. Rxf7 Rd8 50. Re7 b5+ 51. Kc3 Kd5 52. f7 Rf8 53. Ra7 Kxe5 54. Kd3 Kd5 55. g4 Ke5 56. Ke3 Kf6 57. Rxa6 Rxf7 58. Rb6 Rc7 59. Kd3 Ra7 60. Rxb5 Ra3+ 61. Ke2 Rxh3 62. Rc5 Rg3 63. Rc4 Ke5 64. Kf2 Rb3 65. Rc5+ Kd6 66. Rb5 Rc3 67. Rb6+ Kd5 68. Rb5+ Ke4 69. Rb6 e5 70. Rf6 Rb3 71. b5 Rxb5 72. Rxh6 Kf4 73. Re6 Kxg4 74. Ke3 Kf5 75. Re8 Rb3+ 76. Ke2 Ke4 77. Rg8 Rb2+ 78. Kf1 Kf3 79. Rf8+ Kg3 80. Rf5 e4 81. Rxg5+ Kf3 82. Rf5+ Ke3 83. Rf8 Rb1+ 84. Kg2 Ke2 85. Rf2+ Kd3 86. Ra2 Rd1 87. Ra3+ Ke2 88. Ra8 e3 89. Rf8 Rd6 90. Rf5 Rg6+ 91. Kh1 Ke1 92. Rd5 e2 93. Kh2 Rf6 94. Kg2 Rc6 95. Kf3 Kf1 96. Rh5 Rc3+ 97. Kf4 e1Q 98. Rh1+ Kf2 0-1